000 00435nam a2200133 a 4500
008 120416s1945 xx |||||||||||||| || u
050 _aTT 320 Hur
100 _aHurst, Albert Edwin
245 1 0 _aPainting and decorating
250 _a8th ed.
260 _c1945
350 _a0.00
995 _D0.00
_FCBU-MAIN LIBRARY (Kitwe)
_H1
_I3.60
_UAVAILABLE
_ZMain Library Open Access Collection
999 _c53073
_d53073